Dungeons and Dragons Main Classes - Statistics

General Stats
  • This quiz has been taken 2,854 times
    686 since last reset
  • The average score is 11 of 13
Answer Stats
Main Attributes Class % Correct
Intelligence Wizard
97%
Charisma Bard
94%
Strength & Charisma Paladin
92%
Strength Barbarian
91%
Strength or Dexterity Fighter
90%
Dexterity Rogue
89%
Charisma Warlock
89%
Wisdom Cleric
88%
Wisdom Druid
85%
Charisma Sorcerer
84%
Dexterity & Wisdom Ranger
83%
Dexterity & Wisdom Monk
77%
Intelligence & Wisdom Artificer
67%
No matching quizzes found
Score Distribution
Percent of People with Each Score
Percentile by Number Answered
Your Score History
You have not taken this quiz since the last reset